[Event "SG Turm Raesfeld/Erle 2 - SK Dülmen 1"]
[Site "Regionalliga, Gr. 2 2022/2023"]
[Date "2023.01.14"]
[Round "4.4"]
[White "Broemmel, Chris"]
[Black "Koetting, Hans Erich"]
[Result "1-0"]
[WhiteElo "1826"]
[BlackElo "1882"]
[PlyCount "109"]
[EventDate "2023.??.??"]
[SourceTitle "Verband Muensterland"]
[SourceDate "2022.09.15"]
[SourceVersion "1"]
[SourceVersionDate "2022.09.15"]
[SourceQuality "1"]
[WhiteTeam "Raesfeld Erle II"]
[BlackTeam "Duelmen"]
[WhiteTeamCountry "GER"]
[BlackTeamCountry "GER"]

1. e4 d5 2. exd5 Qxd5 3. Nc3 Qd8 4. Bc4 Nf6 5. Nf3 c6 6. h3 Bf5 7. d3 Nbd7 8.
O-O e6 9. Re1 Be7 10. Qe2 Nb6 11. Bb3 Nfd5 12. Nd4 Bg6 13. a4 a5 14. Bd2 Qd7
15. Rad1 O-O 16. Ne4 Rfe8 17. Nf3 Qc8 18. Ng3 Bd6 19. Ne4 Bf8 20. Ne5 Bf5 21.
Qf3 Qc7 22. Ng3 Bd6 23. d4 Bg6 24. h4 Bxe5 25. dxe5 h6 26. h5 Bh7 27. Qg4 Kh8
28. f4 Ne7 29. Be3 Nbd5 30. Bc5 Nf5 31. c4 Nde7 32. Ne4 Nc8 33. Rd2 b6 34. Bf2
Qe7 35. Qh3 Qb4 36. Qc3 Qxc3 37. Nxc3 c5 38. Red1 g6 39. Nb5 Rg8 40. hxg6 Bxg6
41. Rd7 Bh5 42. R1d3 Be2 43. Rh3 Bg4 44. Rc3 Rf8 45. Bc2 Nce7 46. Kf1 h5 47.
Rcd3 Nc6 48. Rd2 Nh6 49. Be4 Rac8 50. Nd6 Nb4 51. Nxc8 Rxc8 52. Rd8+ Rxd8 53.
Rxd8+ Kg7 54. Bh4 Bd1 55. Bf6# 1-0

[Event "SG Turm Raesfeld/Erle 2 - SK Dülmen 1"]
[Site "Regionalliga, Gr. 2 2022/2023"]
[Date "2023.01.14"]
[Round "4.5"]
[White "Rebber, Christian"]
[Black "Fasselt, Hendrik"]
[Result "0-1"]
[WhiteElo "1868"]
[BlackElo "1830"]
[PlyCount "86"]
[EventDate "2023.??.??"]
[SourceTitle "Verband Muensterland"]
[SourceDate "2022.09.15"]
[SourceVersion "1"]
[SourceVersionDate "2022.09.15"]
[SourceQuality "1"]
[WhiteTeam "Duelmen"]
[BlackTeam "Raesfeld Erle II"]
[WhiteTeamCountry "GER"]
[BlackTeamCountry "GER"]

1. b4 e6 2. Bb2 Nf6 3. b5 Be7 4. c4 b6 5. Nc3 Bb7 6. e3 O-O 7. Nf3 d5 8. Be2 c5
9. cxd5 Nxd5 10. O-O Nd7 11. d4 Qc7 12. Rc1 Rac8 13. Bd3 Qb8 14. Bb1 Rfd8 15.
Nxd5 Bxd5 16. e4 Bb7 17. Qe2 Bf6 18. Rfd1 cxd4 19. Bxd4 Bxd4 20. Nxd4 Rxc1 21.
Rxc1 Nc5 22. Nc6 Bxc6 23. bxc6 Rd6 24. Rd1 Rxc6 25. Qd2 Rc8 26. f4 g6 27. e5
Rc7 28. Qf2 Rd7 29. Rxd7 Nxd7 30. Qc2 Nc5 31. h4 Qd8 32. g3 Qd4+ 33. Kh2 h5 34.
Qg2 Kg7 35. Qc2 a5 36. Qe2 Na4 37. Kh1 Nc3 38. Qc2 b5 39. Kg2 b4 40. Kf3 a4 41.
Kg2 Qe3 42. Qb2 Qd4 43. Bc2 Qd2+ 0-1

[Event "SG Turm Raesfeld/Erle 2 - SK Dülmen 1"]
[Site "Regionalliga, Gr. 2 2022/2023"]
[Date "2023.01.14"]
[Round "4.6"]
[White "Boelker, Franz"]
[Black "Eiersbrock, Marko"]
[Result "0-1"]
[WhiteElo "1810"]
[BlackElo "1802"]
[PlyCount "62"]
[EventDate "2023.??.??"]
[SourceTitle "Verband Muensterland"]
[SourceDate "2022.09.15"]
[SourceVersion "1"]
[SourceVersionDate "2022.09.15"]
[SourceQuality "1"]
[WhiteTeam "Raesfeld Erle II"]
[BlackTeam "Duelmen"]
[WhiteTeamCountry "GER"]
[BlackTeamCountry "GER"]

1. d4 d5 2. c4 c6 3. Nc3 Nf6 4. Bg5 e6 5. Nf3 Bd6 6. e3 Nbd7 7. Rc1 O-O 8. cxd5
exd5 9. Bd3 Re8 10. O-O Nf8 11. h3 h6 12. Bxf6 Qxf6 13. Na4 Ne6 14. a3 Ng5 15.
Nxg5 Qxg5 16. Kh1 Qh4 17. Qf3 h5 18. Bf5 g6 19. Bxc8 Raxc8 20. Nc5 Rc7 21. a4
g5 22. g4 f5 23. gxf5 g4 24. Qg2 Rf7 25. Rce1 Rxf5 26. e4 Rf3 27. Re3 dxe4 28.
Nxe4 Rxe3 29. fxe3 Rxe4 30. Qxe4 Qxh3+ 31. Kg1 Qh2# 0-1

[Event "SG Turm Raesfeld/Erle 2 - SK Dülmen 1"]
[Site "Regionalliga, Gr. 2 2022/2023"]
[Date "2023.01.14"]
[Round "4.7"]
[White "Gehlen, Horst"]
[Black "Kadenbach, Wolfgang"]
[Result "0-1"]
[WhiteElo "1747"]
[BlackElo "1736"]
[PlyCount "68"]
[EventDate "2023.??.??"]
[SourceTitle "Verband Muensterland"]
[SourceDate "2022.09.15"]
[SourceVersion "1"]
[SourceVersionDate "2022.09.15"]
[SourceQuality "1"]
[WhiteTeam "Duelmen"]
[BlackTeam "Raesfeld Erle II"]
[WhiteTeamCountry "GER"]
[BlackTeamCountry "GER"]

1. e4 e6 2. Qe2 c5 3. g3 Nc6 4. Bg2 a6 5. Nf3 g6 6. d3 Bg7 7. O-O d6 8. c3 Qb6
9. Nbd2 Nge7 10. h4 Bd7 11. Nc4 Qc7 12. Bg5 b5 13. Ncd2 Qb6 14. Nh2 h5 15. Rab1
Rc8 16. Be3 Qc7 17. f4 O-O 18. g4 hxg4 19. Qxg4 f5 20. Qg3 Kf7 21. Nhf3 Bf6 22.
d4 cxd4 23. cxd4 fxe4 24. Nxe4 Nf5 25. Neg5+ Ke8 26. Qf2 Qa7 27. d5 Qxe3 28.
dxc6 Rxc6 29. Rfe1 Qxf2+ 30. Kxf2 Rc2+ 31. Kg1 Nd4 32. Nh7 Nxf3+ 33. Bxf3 Bd4+
34. Kh1 Rxf4 0-1

[Event "SG Turm Raesfeld/Erle 2 - SK Dülmen 1"]
[Site "Regionalliga, Gr. 2 2022/2023"]
[Date "2023.01.14"]
[Round "4.8"]
[White "Ridder, David"]
[Black "Stegemann, Norbert"]
[Result "0-1"]
[WhiteElo "1645"]
[BlackElo "1839"]
[PlyCount "152"]
[EventDate "2023.??.??"]
[SourceTitle "Verband Muensterland"]
[SourceDate "2022.09.15"]
[SourceVersion "1"]
[SourceVersionDate "2022.09.15"]
[SourceQuality "1"]
[WhiteTeam "Raesfeld Erle II"]
[BlackTeam "Duelmen"]
[WhiteTeamCountry "GER"]
[BlackTeamCountry "GER"]

1. e4 c6 2. d4 d5 3. exd5 cxd5 4. Bd3 Nc6 5. c3 Qc7 6. h3 Nf6 7. Nf3 g6 8. O-O
Bf5 9. Bxf5 gxf5 10. Qc2 e6 11. c4 O-O-O 12. Nc3 dxc4 13. Nb5 Qb6 14. Qxc4 a6
15. a4 Nd5 16. Ne5 Rg8 17. Bd2 Kb8 18. Nxc6+ Qxc6 19. Qxc6 bxc6 20. Nc3 Bd6 21.
Rfc1 Bf4 22. Rd1 Bxd2 23. Rxd2 Nf4 24. g3 Nxh3+ 25. Kg2 Nf4+ 26. Kf3 Nd5 27.
Rh1 Nf6 28. b4 Kb7 29. b5 axb5 30. axb5 c5 31. Ne2 Rg4 32. Ra2 cxd4 33. Rha1 d3
34. Ra7+ Kb6 35. Nc3 Nd5 36. R7a6+ Kc5 37. Rc6+ Kd4 38. Nd1 Ke5 39. Ra3 Nb4 40.
Rc5+ Kd6 41. Rac3 Rd4 42. Nb2 d2 43. Ke2 Ke7 44. R3c4 Na2 45. Nd1 Nc1+ 46. Kf1
Rxc4 47. Rxc4 Rd5 48. Rc2 Nb3 49. b6 Rb5 50. Rc7+ Kd6 51. Rxf7 Rxb6 52. Rxh7
Nd4 53. Kg2 Rb1 54. Rh1 Nc2 55. Kf3 Nd4+ 56. Ke3 Nb3 57. Kd3 Rc1 58. f4 Kc5 59.
Rg1 Kb4 60. Rh1 Ra1 61. Kc2 Rc1+ 62. Kd3 Rc6 63. Rh8 Rd6+ 64. Kc2 Nc5 65. Rb8+
Kc4 66. Rc8 Kd4 67. Kxd2 Ne4+ 68. Ke2 Nxg3+ 69. Kf3 Ne4 70. Ne3 Nd2+ 71. Ke2
Ke4 72. Ng2 Nf3 73. Rc4+ Nd4+ 74. Kf2 Ra6 75. Rc3 Ra2+ 76. Kg3 Ne2+ 0-1